<?xml version="1.0" encoding="UTF-8"?>
<collection xmlns="http://www.loc.gov/MARC21/slim">
  <record>
    <leader>00000nam  2200000   4500</leader>
    <controlfield tag="001">INLIS000000000015292</controlfield>
    <controlfield tag="005">20221227094511</controlfield>
    <datafield tag="035" ind1="#" ind2="#">
      <subfield code="a">0010-1222000120</subfield>
    </datafield>
    <controlfield tag="007">ta</controlfield>
    <controlfield tag="008">221227################|##########|#|##</controlfield>
    <datafield tag="100" ind1="1" ind2="#">
      <subfield code="a">Hasan, Hanif</subfield>
    </datafield>
    <datafield tag="245" ind1="1" ind2="#">
      <subfield code="a">PEMBUATAN STANDAR OPERASIONAL PROSEDUR LABORATORIUM PRAKTEK BAR ( SOP LABAR ) PADA MATA KULIAH OPERASIONAL BAR PROGRAM STUDI TATA HIDANG POLITEKNIK PARIWISATA PALEMBANG /</subfield>
      <subfield code="c">Hanif Hasan</subfield>
    </datafield>
    <datafield tag="250" ind1="#" ind2="#">
      <subfield code="a">1</subfield>
    </datafield>
    <datafield tag="260" ind1="#" ind2="#">
      <subfield code="a">Jakarta :</subfield>
      <subfield code="b">Pusbang Kader,</subfield>
      <subfield code="c">2022</subfield>
    </datafield>
    <datafield tag="300" ind1="#" ind2="#">
      <subfield code="a">105 hlm :</subfield>
      <subfield code="b">ilus ;</subfield>
      <subfield code="c">30 cm</subfield>
    </datafield>
    <datafield tag="856" ind1="#" ind2="#">
      <subfield code="a">https://pustakamaya.lan.go.id</subfield>
    </datafield>
  </record>
</collection>
